000 00657nam a2200193 a 4500
001 000302735
003 AM-YEHGA
005 20250926103740.0
008 040123s1982 ai 000 | arm d
040 _aAM-YeHGA
041 0 _aarm
100 1 _aՓիրանեան, Տիգրան
245 1 0 _aՀատընտիր /
_cՏ. Փիրանեան; Առաջաբ.՝ Կ. Փօլատեան.
260 _aՊէյրութ :
_bԿ. Տօնիկեան եւ որդիք հրատ.,
_c1982.
300 _a298 էջ ;
_c21 սմ.
650 1 4 _aՀայ գրականություն
_91021
700 1 _aՓոլատյան, Կարապետ,
_d1911-1986
_eառաջաբ.
_4aui
942 _2udc
_cBK
999 _c536177
_d536177